000 00452nam a2200157Ia 4500
003 GCL
005 20240530103910.0
008 140319s9999 xx 000 0 ara d
040 _aGCL /
_cGCL
082 0 4 _a920.71
_bق/ح ش
100 1 _aحسن خضر
245 1 0 _aالشخصيات البارزة بالقطر المصرى : دليل الطبقة الراقية /
_cحسن خضر
300 _a325 ص
490 _a100 قصة
_v0
942 _2ddc
_cBK
999 _c43317
_d43317